000 00604nam a22002177a 4500
003 UA-OsUOA
001 55403
007 ta
008 20080915b un ||||| |||| 00| 0 ukr d
100 _aСкуба В.
090 _a908
_bС-12
942 _cSA
040 _aUA-OsUOA
_bukr
_cUA-OsUOA
_dUA-OsUOA
245 _aВисоку якість освіти в Острозькій академії вкотре визнали на міжнародному рівні
300 _aС.1
955 _a0
041 _aukr
080 _a908
773 0 _w55402
650 7 _a908 Краєзнавство
_2UDC
999 _c341486
_d341486